000 00224nam a2200097Ia 4500
008 190216s9999||||xx |||||||||||||| ||und||
100 _aK A N Shashthry
245 0 _a"History Of India Part 1,2"
260 _bNull
942 _cBK
999 _c18622
_d18622